LEADER 01073nam a2200277 i 4500 001 000000330540 003 CaOOAMICUS 005 20211005103647.0 008 181001s2018 it u000 u ita u 013 $a234394 020 $a978-88-372-3227-6 040 $aSeMil$bita 245 03$aIl desiderio. 264 1$aBrescia :$bMorcelliana,$c2018. 300 $a293 p. ;$c21 cm. 490 1 $aQuaderni teologici del Seminario di Brescia ;$v28 650 4$aDesiderio.$0(OLS)http://semarc/subject/14837 650 4$aDesiderio - Teologia.$0(OLS)http://semarc/subject/22442 830 0$aQuaderni teologici del Seminario di Brescia ;$v28.$0(OLS)http://semarc/title/242 850 $aSeMil 852 $aSeMil$W1$xVenegono$y1$m2KA Y 28$j229461$B209766$CSeMilBibl$Z2$F209766 $81 961 $aCambio - La Scuola cattolica 996 $6020$a978-88-372-3227-6$9(OLS)http://semarc/number/285260 996 $6245$aIl desiderio$9(OLS)http://semarc/title/418990 996 $6264$aBrescia :$bMorcelliana$9(OLS)http://semarc/publisher/29629 LEADER 01136nam a2200277 i 4500 001 000000247386 003 CaOOAMICUS 005 20160111000000.0 008 160111s1997 it u000 u ita u 013 $a226291 020 $a88-308-0259-X 040 $aSeMil$bita 100 1 $aWilber, Ken.$0(OLS)http://semarc/name/82880 240 10$aNo boundary.$0(OLS)http://semarc/title/349346 245 10$aOltre i confini :$bla dimensione transpersonale in psicologia /$cKen Wilber. 260 $aAssisi :$bCittadella,$c1997. 300 $a179 p. ;$c22 cm. 490 0 $aPsicologia/Strumenti 650 4$aCoscienza - Psicologia.$0(OLS)http://semarc/subject/14766 830 0$aPsicologia/Strumenti.$0(OLS)http://semarc/title/10158 850 $aSeMil 852 $aSeMil$W1$xVenegono$y1$m2O III 455$j197732$B197732$CSeMilBibl$Z2$F209171 $81 961 $aLascito: Milani don Felice 996 $6020$a88-308-0259-X$9(OLS)http://semarc/number/84939 996 $6245$aOltre i confini :$bla dimensione transpersonale in psicologia$9(OLS)http://semarc/title/349345 996 $6260$aAssisi :$bCittadella$9(OLS)http://semarc/publisher/29661